| 000 | 00370 a2200109 4500 | ||
|---|---|---|---|
| 001 | ART_6801 | ||
| 005 | 20260410161719.0 | ||
| 008 | 260409a | ||
| 245 | 1 | 0 | _aNecesidad de datos contables no financieros para la toma de decisiones |
| 100 | 1 | _aGarcía Casella, Carlos Luis | |
| 773 | 0 |
_tContabilidad y auditoría _g- Año 4, Nº 7 (jun. 1998) _wREV1723 |
|
| 999 |
_c16812 _d16812 |
||